<?xml version="1.0" encoding="UTF-8"?>
<record
    xmlns:xsi="http://www.w3.org/2001/XMLSchema-instance"
    xsi:schemaLocation="http://www.loc.gov/MARC21/slim http://www.loc.gov/standards/marcxml/schema/MARC21slim.xsd"
    xmlns="http://www.loc.gov/MARC21/slim">

  <leader>00794nam a22002297a 4500</leader>
  <controlfield tag="003">OSt</controlfield>
  <controlfield tag="005">20130530170352.0</controlfield>
  <controlfield tag="008">130530s2013    sp ||||| |||| 00| 0 spa d</controlfield>
  <datafield tag="020" ind1=" " ind2=" ">
    <subfield code="a">9788484094135 (U. Lleida)</subfield>
  </datafield>
  <datafield tag="020" ind1=" " ind2=" ">
    <subfield code="a">9788498879193 (U. Santiago de Compostela)</subfield>
  </datafield>
  <datafield tag="040" ind1=" " ind2=" ">
    <subfield code="c">CDMR</subfield>
  </datafield>
  <datafield tag="245" ind1="0" ind2="3">
    <subfield code="a">El conflicto de Iraq y el Derecho Internacional</subfield>
    <subfield code="b">: el caso Couso</subfield>
    <subfield code="c">Albert Galinsoga Jord&#xE0; (ed.)</subfield>
  </datafield>
  <datafield tag="260" ind1=" " ind2=" ">
    <subfield code="a">Lleida</subfield>
    <subfield code="b">Universitat de Lleida</subfield>
  </datafield>
  <datafield tag="260" ind1=" " ind2=" ">
    <subfield code="a">Santiago de Compostela</subfield>
    <subfield code="b">Universidade de Santiago de Compostela</subfield>
    <subfield code="c">Dl 2013</subfield>
  </datafield>
  <datafield tag="300" ind1=" " ind2=" ">
    <subfield code="a">705 p.</subfield>
  </datafield>
  <datafield tag="490" ind1="0" ind2=" ">
    <subfield code="a">Sud-nord (Universitat de Lleida)</subfield>
    <subfield code="v">19</subfield>
  </datafield>
  <datafield tag="600" ind1="1" ind2=" ">
    <subfield code="9">2874</subfield>
    <subfield code="a">Couso, Jos&#xE9;</subfield>
  </datafield>
  <datafield tag="650" ind1="0" ind2="4">
    <subfield code="9">3582</subfield>
    <subfield code="a">Guerra d'Iraq, 2003-2011</subfield>
  </datafield>
  <datafield tag="650" ind1="0" ind2="4">
    <subfield code="9">3588</subfield>
    <subfield code="a">Dret internacional</subfield>
  </datafield>
  <datafield tag="700" ind1="1" ind2=" ">
    <subfield code="9">3580</subfield>
    <subfield code="a">Galinsoga Jord&#xE0;, Albert</subfield>
    <subfield code="e">ed.</subfield>
  </datafield>
  <datafield tag="942" ind1=" " ind2=" ">
    <subfield code="2">udc</subfield>
    <subfield code="c">MON</subfield>
  </datafield>
  <datafield tag="999" ind1=" " ind2=" ">
    <subfield code="c">6352</subfield>
    <subfield code="d">6352</subfield>
  </datafield>
  <datafield tag="952" ind1=" " ind2=" ">
    <subfield code="0">0</subfield>
    <subfield code="1">0</subfield>
    <subfield code="4">0</subfield>
    <subfield code="7">0</subfield>
    <subfield code="a">CDMR</subfield>
    <subfield code="b">CDMR</subfield>
    <subfield code="d">2013-05-30</subfield>
    <subfield code="e">Intercanvi</subfield>
    <subfield code="g">38.00</subfield>
    <subfield code="l">0</subfield>
    <subfield code="o">Cg 5/54</subfield>
    <subfield code="p">CDMR13056557</subfield>
    <subfield code="r">2013-05-30</subfield>
    <subfield code="v">38.00</subfield>
    <subfield code="w">2013-05-30</subfield>
    <subfield code="y">MON</subfield>
  </datafield>
</record>
